| 000 | 00343nam a2200121Ia 4500 | ||
|---|---|---|---|
| 008 | 220217s9999||||xx |||||||||||||| ||und|| | ||
| 082 | _a005.43 ART | ||
| 100 |
_aArther, Jaylowli Burns, Ted _91971 |
||
| 245 | 0 | _aUnix: shell programming | |
| 260 |
_aGalgotia publications _bNew Dwelhi _c2001 |
||
| 300 | _b190 | ||
| 650 | _aOperating systems | ||
| 999 |
_c167870 _d167870 |
||